00600 2200217 4500001002100000005001500021035002000036007000300056008004100059082001100100084001700111100003200128245004900160300003900209650001500248336002100263337003000284338002300314264002900337990001600366INLIS00000000150294320260219101411 a0010-0226000050ta260219 g 0 ind  a338.43 a338.43 ADI i0 aAdiwilaga, AnwasePengarang1 aIlmu usaha tani /cProf. Ir. Anwas Adiwilaga a200 halaman :bilustrasi ;c20 cm. 4ausaha tani 2rdacontentateks 2rdamediaatanpa perantara 2rdacarrieravolume aBandung :bAlumni,c1982 a626/STPP/88